| 000 | 00522nam a2200169Ia 4500 | ||
|---|---|---|---|
| 999 |
_c32058 _d32058 |
||
| 003 | OSt | ||
| 005 | 20200810104958.0 | ||
| 008 | 190216s9999||||xx |||||||||||||| ||und|| | ||
| 020 | _a9788173194733 | ||
| 040 | _coclc | ||
| 082 |
_a658.4034 _bRAO/O |
||
| 100 |
_aRao, K Chandrasekhara _93720 |
||
| 245 | 0 |
_aOperations Research / _cK Chandrasekhara Rao ; Shanti Lata Mishra |
|
| 260 |
_bNarosa Publishing, _aNew Delhi: _c2005. |
||
| 300 | _a334p | ||
| 942 |
_cBK _2ddc _h658.4034 _iRAO/O _k658.4034 _mRAO/O |
||